00441nam a22001697a 4500010001100000035001100011037001800022040001200040082001300052245004800065260004200113270003600155300002800191650001900219650001500238700001800253 a630251 a630251 bCen Lib / Ret aDPLbEN a909bGER aTowards Revolution /cedied by John Gerassi aLondonbWeidenfeld and Nicolsonc1971 aWeidenfeld and NicolsonbLondon av 2. 425-787pc27cm(Hb) a Revolutions.  aCommunism. aGerassi, John